Indian Standard-Code of practice for noise reduction in industrial buildings (Record no. 8069)

000 -LEADER
fixed length control field 00319nam a22001097a 4500
003 - CONTROL NUMBER IDENTIFIER
control field OSt
005 - DATE AND TIME OF LATEST TRANSACTION
control field 20200704130753.0
008 - FIXED-LENGTH DATA ELEMENTS--GENERAL INFORMATION
fixed length control field 200704b ||||| |||| 00| 0 eng d
245 ## - TITLE STATEMENT
Title Indian Standard-Code of practice for noise reduction in industrial buildings
260 ## - PUBLICATION, DISTRIBUTION, ETC. (IMPRINT)
Place of publication, distribution, etc New Delhi
Name of publisher, distributor, etc Bureau of Indian standards
942 ## - ADDED ENTRY ELEMENTS (KOHA)
Source of classification or shelving scheme
Holdings
Withdrawn status Lost status Source of classification or shelving scheme Damaged status Not for loan Permanent location Current location Date acquired Barcode Date last seen Price effective from Koha item type
          BMS College of Architecture, Design and Planning BMS College of Architecture, Design and Planning 2020-07-04 AR-BB56 2020-07-04 2020-07-04 Book Bank
          BMS College of Architecture, Design and Planning BMS College of Architecture, Design and Planning 2020-07-04 AR-BB57 2020-07-04 2020-07-04 Book Bank
          BMS College of Architecture, Design and Planning BMS College of Architecture, Design and Planning 2020-07-04 AR-BB58 2020-07-04 2020-07-04 Book Bank
          BMS College of Architecture, Design and Planning BMS College of Architecture, Design and Planning 2020-07-04 AR-BB59 2020-07-04 2020-07-04 Book Bank
          BMS College of Architecture, Design and Planning BMS College of Architecture, Design and Planning 2020-07-04 AR-BB60 2020-07-04 2020-07-04 Book Bank
Copyright © 2025, The Librarian, Library and Information Centre, BMSCA D&P, Bengaluru. All Rights Reserved
web counter

Powered by Koha